Φίλμ : περιοδική έκδοση των οπτικοακουστικών τεχνών
Αποθηκεύτηκε σε:
| Μορφή: | Βιβλίο |
|---|---|
| Γλώσσα: | Greek |
| Δημοσίευση: |
Αθήνα :
Καστανιώτη,
1985
|
| Θέματα: | |
| Ετικέτες: |
Προσθήκη ετικέτας
Δεν υπάρχουν, Καταχωρήστε ετικέτα πρώτοι!
|
MARC
| LEADER | 00000nam a2200000 i 4500 | ||
|---|---|---|---|
| 001 | 1/56851 | ||
| 008 | 941103s1985 gre d | ||
| 035 | |a 1994 |c ΒΙΒΛΙΟΘΗΚΗ |l 10045639 | ||
| 040 | |a GR-MY-UA |b gre |e aacr | ||
| 041 | 0 | |a gre | |
| 082 | 0 | |a 791.43 | |
| 245 | 1 | 0 | |a Φίλμ : |b περιοδική έκδοση των οπτικοακουστικών τεχνών / |c σ' αυτό το τεύχος συνεργάστηκαν Τασούλα Καραισκάκη...[κ.α.]. |
| 260 | |a Αθήνα : |b Καστανιώτη, |c 1985 | ||
| 300 | |a 127 σ.; |b εικ.; |c 21 εκ. | ||
| 505 | 0 | |a τ.29. Οπτικο-Ακουστική Τεχνόσφαιρα | |
| 650 | 0 | 0 | |a Motion pictures |x Reviews. |
| 650 | 0 | 0 | |a Motion picture plays |x History and criticism |x Reviews. |
| 650 | 0 | 0 | |a Art and motion pictures |x Reviews. |
| 852 | |a INST |b SAMOS |e 19941103 |h 791.43 ΦΙΛ |p 005300006620 |q 005300006620 |t BK |y 0 |z τ.29 | ||
| 852 | |a INST |b SAMOS |e 19941103 |h 791.43 ΦΙΛ |p 005300006620 |q 005300006620 |t BK |v τ.29: |y 0 |z τ.29 | ||
| 853 | |a INST |b SAMOS |h 791.43 ΦΙΛ | ||
| 909 | |a Σ |b 034679 | ||